Welcome to CU Library Online Public Access Catalogue (OPAC)

Change management : (Record no. 6080)

MARC details
000 -LEADER
fixed length control field 00805cam a2200253 a 4500
001 - CONTROL NUMBER
control field 15032562
005 - DATE AND TIME OF LATEST TRANSACTION
control field 20250530165052.0
008 - FIXED-LENGTH DATA ELEMENTS--GENERAL INFORMATION
fixed length control field 071003s2008 enka b 001 0 eng
020 ## - INTERNATIONAL STANDARD BOOK NUMBER
International Standard Book Number 1412912202 (hbk.)
020 ## - INTERNATIONAL STANDARD BOOK NUMBER
International Standard Book Number 9781412912204 (hbk.)
020 ## - INTERNATIONAL STANDARD BOOK NUMBER
International Standard Book Number 1412912210 (pbk.)
020 ## - INTERNATIONAL STANDARD BOOK NUMBER
International Standard Book Number 9781412912211 (pbk.)
050 00 - LIBRARY OF CONGRESS CALL NUMBER
Classification number HD58.8
Item number .M33 2008
082 04 - DEWEY DECIMAL CLASSIFICATION NUMBER
Classification number 658.4060941
Edition information 22
100 1# - MAIN ENTRY--PERSONAL NAME
Personal name Paton, Rob.
245 10 - TITLE STATEMENT
Title Change management :
Remainder of title a guide to effective implementation /
Statement of responsibility, etc. Robert A. Paton and James McCalman.
250 ## - EDITION STATEMENT
Edition statement 3rd ed.
260 ## - PUBLICATION, DISTRIBUTION, ETC.
Place of publication, distribution, etc. Los Angeles ;
-- London :
Name of publisher, distributor, etc. SAGE,
Date of publication, distribution, etc. 2008.
300 ## - PHYSICAL DESCRIPTION
Extent xix, 418 p. :
Other physical details ill. ;
Dimensions 25 cm.
500 ## - GENERAL NOTE
General note Previous ed.: 2000. First ed. published as by James McCalman.
650 #0 - SUBJECT ADDED ENTRY--TOPICAL TERM
Topical term or geographic name entry element Organizational change.
700 1# - ADDED ENTRY--PERSONAL NAME
Personal name McCalman, James.
942 ## - ADDED ENTRY ELEMENTS (KOHA)
Source of classification or shelving scheme Library of Congress Classification
Koha item type Books
Suppress in OPAC No
999 ## -
-- 6080
-- 6080
Holdings
Withdrawn status Lost status Source of classification or shelving scheme Damaged status Not for loan Collection Home library Current library Shelving location Date acquired Total checkouts Full call number Barcode Date last seen Copy number Price effective from Koha item type
    Library of Congress Classification     Non-fiction Graduate Library (Christ Temple) Graduate Library (Christ Temple) General stacks 05/30/2025   HD 58.8.M33 PAT GSCT00001430 05/30/2025 1 05/30/2025 Books
    Library of Congress Classification     Non-fiction Graduate Library (Christ Temple) Graduate Library (Christ Temple) General stacks 05/30/2025   HD 58.8.M33 PAT GSCT00001431 05/30/2025 2 05/30/2025 Books
    Library of Congress Classification     Non-fiction Graduate Library (Christ Temple) Graduate Library (Christ Temple) General stacks 05/30/2025   HD 58.8.M33 PAT GSCT00001432 05/30/2025 3 05/30/2025 Books
    Library of Congress Classification     Non-fiction Graduate Library (Christ Temple) Graduate Library (Christ Temple) General stacks 05/30/2025   HD 58.8.M33 PAT GSCT00001433 05/30/2025 4 05/30/2025 Books
© 2023-2024 Copyright: Central University Libraries. All Rights Reserved | Created by: Mahone Tech Office